Report on the Railway Freight Structure Enquiry Committee, 1955-57 (Record no. 394688)

000 -LEADER
fixed length control field 00503cam a22001217a 4500
008 - FIXED-LENGTH DATA ELEMENTS--GENERAL INFORMATION
fixed length control field 180718b1957 xxu||||| |||| 00| 0 eng d
082 ## - DEWEY DECIMAL CLASSIFICATION NUMBER
Classification number W1234x54 In2
100 ## - MAIN ENTRY--PERSONAL NAME
Personal name India. Railway Freight Structure Enquiry Committee
245 ## - TITLE STATEMENT
Title Report on the Railway Freight Structure Enquiry Committee, 1955-57
Statement of responsibility, etc. by Ministry of Railways
260 ## - PUBLICATION, DISTRIBUTION, ETC.
Place of publication, distribution, etc. New Delhi
Name of publisher, distributor, etc. Ministry of Railways
Date of publication, distribution, etc. 1957
300 ## - PHYSICAL DESCRIPTION
Extent 2 Vols.
500 ## - GENERAL NOTE
General note Contents: V.1. 2 Parts. Pt. 1. 355+p; Pt. 2. 111+p; V.2. 2. Parts. Pt. 649+p; Pt. 2. P 650-1219
Holdings
Withdrawn status Lost status Damaged status Not for loan Permanent Location Current Location Date acquired Full call number Barcode Date last seen Price effective from Koha item type
        Indian Institute of Public Administration Indian Institute of Public Administration 2000-10-09 W1234x54 In2 8599 2018-07-21 2018-07-21 Book
        Indian Institute of Public Administration Indian Institute of Public Administration 2000-10-09 W1234x54 In2 8598 2018-07-21 2018-07-21 Book

Powered by Koha